000 00582nam a2200229Ia 4500
001 1207
005 20240113233449.0
007 ta
008 050202s1962 a g b000 u eng u
020 _cHB
040 _aRef.Stack
041 _aeng
082 _a001
_bK 76 K
100 _aChancellor, John .
245 0 _aKnowledge Vol.I /
_cJohn Chancellor.
_hTextual Documents
260 _aLondon :
_bKnowledge publications ,
_cc1962.
300 _a195p. :
_bill ;
_c32cm. .
653 _aEncyclopaedia - Knowledge
942 _2ddc
_cBK
999 _c1204
_d1204